000
00280nam a22000977a 4500
082
_a
338.954IND.
245
_a
India, planning commission, the third plan progress report 1963-65.
260
_a
Dar es salaam.
_b
High Commission of India.
_c
1967.
300
_a
186p.
_b
23cm.
942
_c
BK
999
_c
13953
_d
13953